Considerations on the slave trade : and the consumption of West India produce.

Bibliographic Details
Main Author: Cooper, Thomas, 1759-1839
Format: eBook
Language:English
Published: London, [publisher not identified] ; 1791.
Series:Eighteenth century collections online.
Online Access:Full text online

MARC

Tag First Indicator Second Indicator Subfields
LEADER 00000cam a2200000 4500
001 in00001865660
006 m | d |
007 cr |n||||||||n
008 870422s1791 enk|||| s 00||||eng d
005 20260414184339.9
035 |a (CStRLIN)ESTCN27585 
040 |a Cu-RivES  |c Cu-RivES  |d CStRLIN  |d Thomson Gale  |d UtOrBLW 
100 1 |a Cooper, Thomas,  |d 1759-1839. 
240 1 0 |a Letters on the slave trade.  |k Abridgments 
245 1 0 |a Considerations on the slave trade :  |b and the consumption of West India produce. 
264 1 |a London,  |b [publisher not identified] ;  |c 1791. 
300 |a 4 unnumbered pages, 20p. ;  |c 8⁰. 
336 |a text  |b txt  |2 rdacontent 
337 |a computer  |b c  |2 rdamedia 
338 |a online resource  |b cr  |2 rdacarrier 
500 |a Extracted from Thomas Cooper's 'Letters on the slave trade'. 
500 |a Reproduction of original from the Harvard University Graduate School of Business. 
510 4 |a Goldsmiths',  |c 14980 
510 4 |a English Short Title Catalog,  |c ESTCN27585. 
533 |a Electronic reproduction.  |b Farmington Hills, Mich. :  |c Thomson Gale,  |d 2003.  |n Available via the World Wide Web.  |n Access limited by licensing agreements  |7 s2003 miunns 
500 |a Electronic resource. 
830 0 |a Eighteenth century collections online. 
856 4 0 |u http://proxy.library.tamu.edu/login?url=https://galenet.galegroup.com/servlet/ECCO?c=1&stp=Author&ste=11&af=BN&ae=N027585&tiPG=1&dd=0&dc=flc&docNum=CW108724740&vrsn=1.0&srchtp=a&d4=0.33&n=10&SU=0LRL+OR+0LRI&locID=txshracd2898  |z Full text online  |t 0 
999 |a MARS 
999 f f |s a8e36e79-160f-3f9c-a617-33bfefb47833  |i aa88d6d9-61b7-34c3-987b-7729fec4f2ee  |t 0 
952 f f |a Texas A&M University  |b College Station  |c Electronic Resources  |s www_evans  |d Available Online  |t 0  |h No information provided 
998 f f |t 0  |l Available Online